00269nam a2200097Ia 4500008004100000082001400041100001900055245008200074260000600156300000900162190415s9999 xx 000 0 und d aRI.0004:2 aVidyasagar, R. 0aVillage studies on agrarian structure and peasant organisations in Tamil Nadu c0 av.p.